Γεωγραφική ανάλυση και πρόγνωση πυρκαγιών στο κτήμα Συγγρού του δήμου Αμαρουσίου : πτυχιακή εργασία

Αποθηκεύτηκε σε:
Λεπτομέρειες βιβλιογραφικής εγγραφής
Κύριος συγγραφέας: Καπετανάκη, Κατερίνα
Συγγραφή απο Οργανισμό/Αρχή: Πανεπιστήμιο Αιγαίου Σχολή Περιβάλλοντος Πρόγραμμα Σπουδών Επιλογής Περιβαλλοντική Χαρτογραφία
Άλλοι συγγραφείς: Καλαμποκίδης, Κώστας Δ. (Εισηγητής διατριβής)
Μορφή: Thesis Βιβλίο
Γλώσσα:Greek
Δημοσίευση: Μυτιλήνη : Πανεπιστήμιο Αιγαίου, Πρόγραμμα Σπουδών Επιλογής Περιβαλλοντική Χαρτογραφία, 2003
Θέματα:
Ετικέτες: Προσθήκη ετικέτας
Δεν υπάρχουν, Καταχωρήστε ετικέτα πρώτοι!

MARC

LEADER 00000cam a2200000 i 4500
001 1/88289
008 051031s2003 gre d
035 |l 10081042 
040 |a GR-MY-UA  |b gre  |e aacr 
041 0 |a gre 
082 0 |a 363.379  |2 (22) 
100 1 |a Καπετανάκη, Κατερίνα. 
245 1 0 |a Γεωγραφική ανάλυση και πρόγνωση πυρκαγιών στο κτήμα Συγγρού του δήμου Αμαρουσίου :  |b πτυχιακή εργασία /  |c Κατερίνα Καπετανάκη ; υπεύθυνος καθηγητής Κώστας Καλαμποκίδης 
260 |a Μυτιλήνη :   |b Πανεπιστήμιο Αιγαίου, Πρόγραμμα Σπουδών Επιλογής Περιβαλλοντική Χαρτογραφία,   |c 2003 
300 |a 67 σ.;  |b πιν., χάρτες;  |c 30 εκ. 
502 # # |a Πτυχιακή εργασία – Πανεπιστήμιο Αιγαίου, Λέσβος, 2003. 
504 |a Βιβλιογραφία: 66 
650 0 0 |a Forest fires  |x Prevention and control. 
650 0 0 |a Forest fires  |x Prevention and control  |x Geographic information systems. 
700 1 |4 ths  |a Καλαμποκίδης, Κώστας Δ. 
710 2 |a Πανεπιστήμιο Αιγαίου  |b Σχολή Περιβάλλοντος  |b Πρόγραμμα Σπουδών Επιλογής Περιβαλλοντική Χαρτογραφία. 
852 |a INST  |b LESVOS  |c DIATR  |e 20051031  |h 19  |p 005100032909  |q 005100032909  |t DIE  |y 23 
852 |a INST  |b LESVOS  |c DIATR  |e 20051031  |h 20  |p 005100032910  |q 005100032910  |t DIE  |y 23 
901 |a BIBL1-2005-3 
909 |a Λ  |b 121204 
909 |a Λ  |b 121205 
924 |a ΚΑΠΕΤΑΝΑΚΗ  |b ΚΑΤΕΡΙΝΑ  |y ΛΕΣΒΟΣ  |z 2003-06 
970 |a ΜΑΡΙΝΑΤΟΥ  |b ΜΥΡΣΙΝΗ  |z 2005/10/31